[Event "Komercni Banka op"]
[Site "Pardubice"]
[Date "1997.07.21"]
[Round "5"]
[White "Ionescu, Constantin"]
[Black "Oral, Tomas"]
[Result "1-0"]
[WhiteElo "2490"]
[BlackElo "2435"]

1.d4 Nf6 2.c4 e6 3.Nf3 b6 4.a3 Bb7 5.Nc3 d5 6.cxd5 Nxd5 7.Qc2 Nxc3 8.Qxc3 Nd7
9.Bg5 Be7 10.Bxe7 Kxe7 11.g3 Nf6 12.Bg2 Qd6 13.O-O Rhc8 14.b4 c5 15.dxc5 bxc5
16.Rfd1 cxb4 17.Qxb4 Qxb4 18.axb4 a6 19.Ne5 Bxg2 20.Kxg2 Nd5 21.Rd4 f6 22.Nd3 Rc6
23.b5 Rb6 24.Rc1 Rd8 25.bxa6 Rxa6 26.Nb4 Nxb4 27.Rc7+ Ke8 28.Rxb4 Rd7 29.Rxd7 Kxd7
30.Rb7+ Ke8 31.Rxg7 h5 32.Rh7 Ra5 33.f4 Kf8 34.Kh3 Ra4 35.Kh4 e5 36.e3 Kg8
37.Rxh5 Re4 38.Kg4 Rxe3 39.fxe5 fxe5 40.Rf5 Kg7 41.h4 Kh6 42.Rf6+ Kg7 43.Rf3 Re1
44.Kg5 e4 45.Rf4 e3 46.Re4 e2 47.Kg4  1-0

[Event "Wch U20"]
[Site "Zagan"]
[Date "1997.07.22"]
[Round "8"]
[White "Pereyra Arcija, Diego"]
[Black "Putka, Verner"]
[Result "0-1"]
[WhiteElo "2460"]
[BlackElo "2220"]

1.d4 Nf6 2.Nf3 e6 3.c4 b6 4.a3 Ba6 5.Qc2 Bb7 6.Nc3 c5 7.e4 cxd4 8.Nxd4 Nc6
9.Nxc6 Bxc6 10.Bf4 Bc5 11.Be2 O-O 12.Rd1 a5 13.Bg3 Qc8 14.e5 Ne8 15.Ne4 Qb7
16.Nxc5 bxc5 17.f3 Qc7 18.O-O g6 19.Qc3 Rb8 20.Rd2 Ng7 21.Bh4 Nf5 22.Bf6 h6
23.g4 Nd4 24.Bd1 Kh7 25.Qe3 Rfe8 26.Rff2 Rb6 27.Rg2 Rg8 28.Rg3 g5 29.Rxd4 cxd4
30.Bc2+ Rg6 31.Qxd4 Qb8 32.b3 Rxb3 33.Bxg6+ Kxg6 34.Kg2 Rb2+ 35.Kh3 Qb3 36.Qg1 Qxc4
37.Rg2 Rb3 38.Rg3 Bxf3 39.Qe1 Bxg4+ 40.Kg2 Qc6+ 41.Kf2 Qc2+ 42.Kf1 Rb1 43.Rxg4 Qf5+  0-1

[Event "Komercni Banka op"]
[Site "Pardubice"]
[Date "1997.07.24"]
[Round "8"]
[White "Soln, Primoz"]
[Black "Oral, Tomas"]
[Result "1-0"]
[WhiteElo "2325"]
[BlackElo "2435"]

1.d4 Nf6 2.c4 e6 3.Nf3 b6 4.a3 Bb7 5.Nc3 d5 6.cxd5 Nxd5 7.Bd2 Be7 8.Qc2 Nxc3
9.Bxc3 O-O 10.e4 Nd7 11.O-O-O c5 12.d5 exd5 13.exd5 Bf6 14.Bd3 Bxc3 15.Qxc3 Qf6
16.Qc2 Qf4+ 17.Qd2 Qxd2+ 18.Rxd2 Nf6 19.d6 Rfd8 20.Rhd1 Bd5 21.Ne5 Bxg2 22.f3 Bh3
23.d7 Kf8 24.Ba6 Bf5 25.Bb7 Rab8 26.Bc8 Rbxc8 27.dxc8=Q Rxc8 28.Rd8+ Ne8
29.Rxc8 Bxc8 30.Rd8 Be6 31.Nc6 a5 32.Kd2 f6 33.Ke2 Kf7 34.Rb8 Bc4+ 35.Kf2 b5
36.Rb7+ Kg6 37.Nxa5 Bd3 38.Re7 Nd6 39.Rd7 Nc4 40.Nxc4 Bxc4 41.Rc7  1-0

[Event "Wch U20"]
[Site "Zagan"]
[Date "1997.07.27"]
[Round "13"]
[White "Kacheishvili, Giorgi"]
[Black "Bagheri, Amir"]
[Result "1/2-1/2"]
[WhiteElo "2550"]
[BlackElo "2300"]

1.d4 Nf6 2.Nf3 e6 3.c4 b6 4.a3 Ba6 5.e3 Bb7 6.Nc3 d5 7.cxd5 exd5 8.Be2 Bd6
9.O-O O-O 10.b4 c6 11.Ne5 Nbd7 12.f4 b5 13.Bf3 a5 14.bxa5 Rxa5 15.Qb3 Qa8
16.e4 b4 17.exd5 cxd5 18.Rb1 bxc3 19.Qxb7 Qxb7 20.Rxb7 Rb8 21.Rxb8+ Nxb8
22.Re1 Bxa3 23.Bxa3 Rxa3 24.Bxd5 c2 25.Bxf7+ Kf8 26.Rc1 Rc3 27.Kf2 Na6 28.Ke2 Nb4
29.g3 h5 30.Bg6 h4 31.Kd2 Ra3 32.Nd3 Nc6 33.Rxc2 Nxd4 34.Rc8+ Ke7 35.Rc7+ Kd6
36.Rxg7 Ra2+ 37.Kc3 Ne6 38.Rf7 Nd5+ 39.Kb3 Rxh2 40.gxh4  1/2-1/2

[Event "Budapest FS08 GM"]
[Site "Budapest"]
[Date "1997.08.10"]
[Round "9"]
[White "Mikhalevski, Alexander"]
[Black "Csom, Istvan"]
[Result "1/2-1/2"]
[WhiteElo "2470"]
[BlackElo "2460"]

1.d4 Nf6 2.c4 e6 3.Nf3 b6 4.a3 Bb7 5.Nc3 Ne4 6.Nxe4 Bxe4 7.e3 Be7 8.Bd3 Bxd3
9.Qxd3 d5 10.O-O O-O  1/2-1/2

[Event "Chania op 7th"]
[Site "Chania"]
[Date "1997.09.04"]
[Round "2"]
[White "Halkias, Alexandros"]
[Black "Kalesis, Nikolaos"]
[Result "0-1"]
[WhiteElo "2080"]
[BlackElo "2400"]

1.d4 Nf6 2.c4 e6 3.Nf3 b6 4.a3 Ba6 5.Qb3 Nc6 6.Nbd2 Na5 7.Qc2 c5 8.dxc5 bxc5
9.e4 Nc6 10.Bd3 Qc7 11.O-O Bb7 12.Re1 d6 13.Nf1 Be7 14.Bd2 a5 15.Bc3 Ne5
16.Nxe5 dxe5 17.Nd2 O-O 18.f4 Nd7 19.f5 Nb8 20.Nf3 Nc6 21.Qf2 Nd4 22.Qg3 exf5
23.Bxd4 cxd4 24.exf5 f6 25.Nd2 a4 26.Ne4 Rab8 27.Qf2 Bc6 28.Rac1 Rb3 29.Qc2 Rfb8
30.Re2 Rxb2 31.Qxb2 Rxb2 32.Rxb2 Bxa3 33.Rbc2 Bxc1 34.Rxc1 a3 35.c5 Bd5  0-1

[Event "Chania op 7th"]
[Site "Chania"]
[Date "1997.09.08"]
[Round "6"]
[White "Halkias, Stelios"]
[Black "Kalesis, Nikolaos"]
[Result "0-1"]
[WhiteElo "2385"]
[BlackElo "2400"]

1.d4 Nf6 2.c4 e6 3.Nf3 b6 4.a3 Ba6 5.Qb3 c6 6.Bg5 d5 7.cxd5 exd5 8.Nc3 Be7
9.Bxf6 Bxf6 10.e4 Bxf1 11.Rxf1 dxe4 12.Nxe4 O-O 13.O-O-O Nd7 14.Kb1 Qc7 15.Rfe1 Rae8
16.Qa4 b5 17.Qc2 Rc8 18.h4 Rfe8 19.g3 Qb8 20.Nfg5 Bxg5 21.hxg5 a5 22.Re3 Nf8
23.f4 Red8 24.Qh2 Qa7 25.Red3 Qd7 26.Qf2 Re8 27.Qf3 Qd5 28.Nd2 Rcd8 29.Qxd5 Rxd5
30.Nb3 a4 31.Na5 Rc8 32.Re1 Ne6 33.Re5 Rxd4 34.Rc3 c5 35.f5 Nf8 36.Rcxc5 Ra8
37.Nc6 Rg4 38.Rxb5 Rxg5 39.Ra5 Rxa5 40.Rxa5 f6 41.Rxa4 Rxg3 42.Rd4 h5 43.a4 Rg4
44.Kc2 Rxd4 45.Nxd4 h4 46.Nf3 h3 47.Kc3 Kf7 48.a5 Ke7 49.a6 Nd7 50.Kb4 Kd6
51.a7 Nb6 52.Kb5 Kc7 53.Ka6 Na8 54.b3 Nb6 55.Nh2 Kc6 56.Ng4 Na8 57.b4 Nc7+
58.Ka5 Kb7 59.b5 Nd5 60.b6 Nxb6 61.Kb5 Nd5 62.Kc5 Ne3 63.Nh2 Nxf5 64.Kd5 Nh6
65.Ke6 f5  0-1

[Event "Banicky Kahanec"]
[Site "Prievidza"]
[Date "1997.09.08"]
[Round "1"]
[White "Hanko, Pavel"]
[Black "Oral, Tomas"]
[Result "1/2-1/2"]
[WhiteElo "2175"]
[BlackElo "2435"]

1.d4 Nf6 2.Nf3 e6 3.c4 b6 4.a3 Bb7 5.Nc3 d5 6.e3 Be7 7.cxd5 Nxd5 8.Nxd5 exd5
9.Bd3 Nd7 10.b4 c6 11.O-O O-O 12.Bb2 Nf6 13.Rc1 Bd6 14.Ne5 Qe8 15.Ng4 Qe6
16.Nxf6+ Qxf6 17.Qg4 Bc8 18.Qf3 Qxf3 19.gxf3 Bd7 20.Ba6 Rab8 21.Bd3 f5 22.f4 h6
23.h4 Kf7 24.Kg2 g6 25.Kf3 Be7 26.Rh1 Rfc8 27.Ke2 Bd6 28.Rcg1 h5 29.Rc1 c5
30.Bc3 c4 31.Bc2 a5 32.Rb1 axb4 33.Bxb4 Bxb4 34.axb4 Bb5 35.Ra1 c3+ 36.Bd3 Bxd3+
37.Kxd3 Rc4 38.Ra7+ Kf6 39.Rc1 Rbc8 40.b5 Rb4 41.Rxc3 Rxc3+ 42.Kxc3 Rxb5
43.Rd7 Ke6 44.Rg7  1/2-1/2

[Event "ISL-ch"]
[Site "Akureyri"]
[Date "1997.09.10"]
[Round "2"]
[White "Thorsteinsson, Thorsteinn"]
[Black "Thorhallsson, Gylfi"]
[Result "1-0"]
[WhiteElo "2305"]
[BlackElo "2330"]

1.d4 Nf6 2.c4 e6 3.Nf3 b6 4.a3 Bb7 5.Nc3 d5 6.Bg5 Be7 7.e3 Nbd7 8.Rc1 h6
9.Bh4 O-O 10.cxd5 exd5 11.Bd3 Re8 12.O-O Ne4 13.Bg3 Nxg3 14.hxg3 a6 15.Bb1 Bf6
16.b4 Nf8 17.Qb3 c6 18.Rfd1 Bc8 19.Ne2 Qd6 20.Rc3 Bd7 21.Nf4 b5 22.Rdc1 a5
23.Nd3 axb4 24.axb4 Rec8 25.Nc5 Bg4 26.Nb7 Qd7 27.Na5 Ra6 28.Bd3 Qe8 29.Qc2 Be7
30.Nxc6 Rca8 31.Bxb5 Ra2 32.Qd3 Bd7 33.Nfe5 Bxb4  1-0

[Event "ISL-ch"]
[Site "Akureyri"]
[Date "1997.09.10"]
[Round "2"]
[White "Bjarnason, Saevar"]
[Black "Stefansson, Hannes"]
[Result "0-1"]
[WhiteElo "2265"]
[BlackElo "2545"]

1.d4 Nf6 2.c4 e6 3.Nf3 b6 4.a3 Bb7 5.Nc3 d5 6.cxd5 Nxd5 7.e3 Be7 8.Bb5+ c6
9.Bd3 O-O 10.O-O c5 11.Nxd5 Qxd5 12.dxc5 Qxc5 13.Bd2 Qd5 14.Bc3 Rd8 15.Be2 Qe4
16.Qb1 Qxb1 17.Raxb1 Nd7 18.Rfd1 Nc5 19.Rxd8+ Rxd8 20.Rd1 Bd5 21.b4 Na4 22.Be5 Rc8
23.Ba6 Rc2 24.Nd4 Ra2 25.Nb5 f6 26.Bb8 Nb2 27.Rc1 Nd3 28.Rc8+ Kf7 29.h3 Ra1+
30.Kh2 Nxf2 31.Nc3 Rxa3 32.Nxd5 exd5 33.Bb7 Rxe3 34.Bxd5+ Kg6 35.Rc2 Nd1
36.Bf3 Nc3 37.Bxa7 Bd6+ 38.Kg1 Bg3 39.Rc1 Rxf3 40.gxf3 Ne2+ 41.Kg2 Nxc1 42.Kxg3 b5
43.Bb8 Nd3 44.Bd6 Kf5 45.Bf8 g6 46.Be7 Ke6 47.Bf8 Kd5 48.Be7 f5 49.Kh4 Ne5
50.f4 Nf3+ 51.Kg3 Nd2 52.Bf8 Ne4+ 53.Kf3 Kc4 54.Be7 Nc3 55.Kg3 Nd5 56.Bd6 Nxb4
57.Kh4 Nd3 58.Kg5 Kd5  0-1

[Event "Chania op 7th"]
[Site "Chania"]
[Date "1997.09.11"]
[Round "9"]
[White "Bagaturov, Giorgi"]
[Black "Kalesis, Nikolaos"]
[Result "1/2-1/2"]
[WhiteElo "2485"]
[BlackElo "2400"]

1.d4 Nf6 2.c4 e6 3.Nf3 b6 4.a3 Ba6 5.Qc2 Bb7 6.Nc3 c5 7.e4 cxd4 8.Nxd4 d6
9.Be2 a6 10.Be3 Qc7 11.f4 Nbd7 12.g4 d5 13.cxd5 exd5 14.e5 Ne4 15.e6 fxe6
16.Nxe6 Qc6 17.Nd4 Qc8 18.Rc1 Nxc3 19.Qf5 Nf6 20.Qe5+ Kf7 21.Rxc3 Bc5 22.Nf5 Re8
23.Bxc5 Rxe5 24.Nd6+ Kg8 25.Nxc8 Re6 26.f5 Rxe2+ 27.Kxe2 bxc5 28.Nd6 d4 29.Nxb7 dxc3
30.bxc3 Nxg4 31.Kf3 Nh6 32.Ke4 Re8+ 33.Kd5 Re3  1/2-1/2

[Event "ISL-ch"]
[Site "Akureyri"]
[Date "1997.09.12"]
[Round "4"]
[White "Thorsteinsson, Thorsteinn"]
[Black "Stefansson, Hannes"]
[Result "0-1"]
[WhiteElo "2305"]
[BlackElo "2545"]

1.d4 Nf6 2.c4 e6 3.Nf3 b6 4.a3 Bb7 5.Nc3 d5 6.Bg5 Be7 7.cxd5 Nxd5 8.Bxe7 Qxe7
9.Nxd5 Bxd5 10.Qa4+ Qd7 11.Qxd7+ Nxd7 12.e3 Ke7 13.Rc1 c5 14.dxc5 Rhc8 15.Ba6 Rc7
16.b4 bxc5 17.O-O Rb8 18.Rfd1 Rc6 19.e4 Rxa6 20.exd5 cxb4 21.Nd4 exd5 22.Nc6+ Rxc6
23.Rxc6 b3 24.Re1+ Kf8 25.Rb1 Ne5 26.Rc3 b2 27.Rc2 Nc4 28.a4 Ke7 29.Kf1 Kd6
30.Ke2 Rb3 31.a5 Kc5 32.Kd1 Kd4 33.a6 Kd3 34.Re2 d4 35.Rc2 Ra3 36.Rxc4 Ra1
37.Rxd4+ Kxd4 38.Kc2 Rxb1 39.Kxb1 Kc3 40.h3 h6 41.f4 h5  0-1

[Event "Banicky Kahanec"]
[Site "Prievidza"]
[Date "1997.09.12"]
[Round "6"]
[White "Hanko, Pavel"]
[Black "Huba, Martin"]
[Result "1-0"]
[WhiteElo "2175"]
[BlackElo "2170"]

1.d4 Nf6 2.Nf3 b6 3.c4 e6 4.a3 c5 5.d5 Ba6 6.b3 exd5 7.cxd5 g6 8.Bb2 Bg7
9.e4 Bxf1 10.Kxf1 d6 11.g3 O-O 12.Qd3 Re8 13.Bxf6 Bxf6 14.Ra2 Nd7 15.Kg2 a6
16.a4 Qc7 17.Nbd2 Ra7 18.h4 h5 19.Nc4 Rb7 20.Ne3 b5 21.axb5 axb5 22.g4 hxg4
23.Nxg4 c4 24.bxc4 Qxc4 25.Qxc4 bxc4 26.Re1 Bg7 27.Ra6 Rb6 28.Ra4 c3 29.Rc4 Rb2
30.Ne3 Nb6 31.Rc6 Rxe4 32.Rxd6 Re8 33.Rc6 Bh6 34.Nf5 Rxe1 35.Nxh6+ Kh7 36.Nxe1 Kxh6
37.d6 Na4 38.Rc4 Rd2 39.Rxa4 Rxd6 40.Rc4 Rd1 41.Nc2 Rd3 42.Nb4 Rd2 43.Kg3 Kh5
44.Rc5+ f5 45.Nd5 c2 46.Nf4+ Kh6 47.Kf3 Rd1 48.Rxc2 Rh1 49.Rc6 Rxh4 50.Rxg6+ Kh7
51.Rg5  1-0

[Event "RUS-ch (Women)"]
[Site "Elista"]
[Date "1997.09.25"]
[Round "7"]
[White "Zhurina, Elizaveta"]
[Black "Razumova, Tatiana"]
[Result "1-0"]
[WhiteElo "2235"]
[BlackElo "2240"]

1.d4 Nf6 2.c4 e6 3.Nf3 b6 4.a3 Bb7 5.Nc3 Be7 6.g3 d5 7.cxd5 exd5 8.Bg2 O-O
9.O-O Re8 10.Bf4 h6 11.b4 Nbd7 12.Rc1 Nf8 13.h3 Ng6 14.e3 Nxf4 15.exf4 Qd6
16.Qb3 Ne4 17.Rfe1 Bf8 18.Ne5 Nxc3 19.Qxc3 Re7 20.Ng4 Rxe1+ 21.Qxe1 a5 22.b5 a4
23.Rc3 Ra5 24.Qe8 Ra8 25.Qe5 f6 26.Qe2 c6 27.bxc6 Bxc6 28.Ne3 Ra5 29.Qc2 Be8
30.Qf5 Bf7 31.Qc8 Be6 32.Qb7 Rb5 33.f5 Bd7 34.Rc7 Be8 35.Bxd5+ Rxd5 36.Nxd5 Qxa3
37.Ne7+ Bxe7 38.Rxe7 Qc1+ 39.Kh2  1-0

[Event "ESP-ch"]
[Site "Torrevieja"]
[Date "1997.09.30"]
[Round "3"]
[White "Comas Fabrego, Luis"]
[Black "Manso Gil, Angel"]
[Result "1-0"]
[WhiteElo "2475"]
[BlackElo "2260"]

1.d4 Nf6 2.c4 e6 3.Nf3 b6 4.a3 c5 5.d5 b5 6.Bg5 Qa5+ 7.Nc3 Ne4 8.Bd2 Nxd2
9.Nxd2 exd5 10.Nxd5 bxc4 11.e4 Ba6 12.Bxc4 Bd6 13.b4 Qd8 14.Bxa6 Nxa6 15.b5 Nc7
16.Nc4 Be7 17.Nxc7+ Qxc7 18.Qd5 O-O 19.O-O d6 20.Rab1 Rab8 21.a4 Rfd8 22.a5 Bf6
23.b6 axb6 24.axb6 Qb7 25.Qxb7 Rxb7 26.Na5 Rdb8 27.Nxb7 Rxb7 28.Rfd1 Be5
29.Rd2 Kf8 30.Ra2 Ke8 31.Ra7 Rb8 32.Rc7  1-0

[Event "ESP-ch"]
[Site "Torrevieja"]
[Date "1997.10.03"]
[Round "6"]
[White "Granero Roca, Antonio"]
[Black "Gomez Esteban, Juan Mario"]
[Result "1/2-1/2"]
[WhiteElo "2295"]
[BlackElo "2490"]

1.d4 Nf6 2.c4 e6 3.Nf3 b6 4.a3 Bb7 5.Nc3 d5 6.Qc2 Be7 7.cxd5 exd5 8.g3 O-O
9.Bg2 c5 10.O-O Nbd7 11.Rd1 Rc8 12.Bf4 Ne4 13.Qb1 Nxc3 14.bxc3 Nf6 15.Ne5 Bd6
16.a4 Qc7 17.Nd3 Ne4 18.Qb2 Rfd8 19.Rdc1 Ba6 20.Bxd6 Qxd6 21.a5 cxd4 22.axb6 Bxd3
23.exd3 Nxc3 24.bxa7 Ra8 25.Re1 g6 26.Qb7 Qd7 27.Qb6 Na4 28.Qxd4 Qxa7 29.Qxa7 Rxa7
30.Ra3 Raa8 31.Rea1 Nb6 32.Rxa8 Nxa8 33.Bxd5 Rxd5 34.Rxa8+ Kg7 35.Ra3 h5
36.f4 Rb5 37.Ra2 Rb3 38.Rd2 Kf6 39.Kf2 Ke6 40.Ke3 Kd5 41.Ra2 Rb1 42.Ra5+ Ke6
43.Re5+ Kd6 44.Rg5 Rb2 45.h4 Rg2 46.Ke4 Ke6 47.d4 Rg1 48.d5+ Kd6 49.f5 Re1+
50.Kf4 Rf1+ 51.Ke3 Re1+ 52.Kf4  1/2-1/2

[Event "AUT-chT 9798"]
[Site "Austria"]
[Date "1997.10.12"]
[Round "1"]
[White "Stanec, Nikolaus"]
[Black "Titz, Heimo"]
[Result "1-0"]
[WhiteElo "2465"]
[BlackElo "2285"]

1.d4 Nf6 2.c4 e6 3.Nf3 b6 4.a3 c5 5.d5 exd5 6.cxd5 Ba6 7.g3 g6 8.Bg2 d6 9.O-O Bg7
10.Re1 O-O 11.e4 Nbd7 12.Bf4 Re8 13.Qa4 Bd3 14.Nc3 a6 15.e5 b5 16.Qd1 dxe5
17.Nxe5 Nxe5 18.Bxe5 c4 19.Qf3 Nd7 20.Bxg7 Kxg7 21.d6 Qb6 22.Qf4 Rab8 23.Nd5 Qc5
24.h4 Re6 25.Rxe6 fxe6 26.Nc7 Bf5 27.Nxa6 Qb6 28.Nxb8 Qxb8 29.Rd1 Qb6 30.Qd4+ Qxd4
31.Rxd4 Kf6 32.f4 e5 33.Rd5 exf4 34.gxf4 Ke6 35.Rxb5 Kxd6 36.Kf2 Nc5 37.Rb6+ Kd7
38.Ke3 h5 39.Rc6  1-0

[Event "Loures"]
[Site "Loures"]
[Date "1997.10.22"]
[Round "2"]
[White "Adla, Diego"]
[Black "Kogan, Artur"]
[Result "1/2-1/2"]
[WhiteElo "2445"]
[BlackElo "2500"]

1.d4 e6 2.c4 Nf6 3.Nf3 b6 4.a3 Ba6 5.Qc2 c5 6.d5 exd5 7.cxd5 g6 8.Nc3 Bg7
9.g3 O-O 10.Bg2 d6 11.O-O b5 12.Bf4 b4 13.axb4 cxb4 14.Ne4 b3 15.Nxf6+ Qxf6
16.Qxb3 Bxe2 17.Qb7 Nd7 18.Qxd7 Bxf3 19.Bxf3 g5 20.Qxd6 gxf4 21.Qxf6 Bxf6
22.d6 Rad8 23.Rad1 Bxb2 24.d7 fxg3 25.hxg3 Bc3 26.Bc6 f5 27.Rd3 Bb4 28.Re3 f4
29.Re8 Kg7 30.Rc1 fxg3 31.fxg3 Ba5 32.Ba4 Kf7 33.Rxd8  1/2-1/2

[Event "HUN-ch"]
[Site "Budapest"]
[Date "1997.10.25"]
[Round "5"]
[White "Pinter, Jozsef"]
[Black "Sax, Gyula"]
[Result "1/2-1/2"]
[WhiteElo "2590"]
[BlackElo "2570"]

1.d4 Nf6 2.c4 e6 3.Nf3 b6 4.a3 Bb7 5.Nc3 d5 6.Qc2 c5 7.cxd5 cxd4 8.Qa4+ Nbd7
9.Nxd4 Nxd5 10.Nxd5 Bxd5 11.e4 Bb7 12.Be3 a6 13.f3 Bd6 14.Rd1 b5 15.Qb3 Qe7
16.Be2 O-O 17.g3 Rfd8 18.O-O Rac8 19.Rd2 Nc5 20.Qa2 Bc7 21.Rfd1 Bb6  1/2-1/2

[Event "WchT 4th"]
[Site "Luzern"]
[Date "1997.11.02"]
[Round "9"]
[White "Gurieli, Nino"]
[Black "Zvjaginsev, Vadim"]
[Result "0-1"]
[WhiteElo "2370"]
[BlackElo "2635"]

1.d4 Nf6 2.Nf3 e6 3.c4 b6 4.a3 c5 5.d5 Ba6 6.e3 exd5 7.cxd5 Bxf1 8.Kxf1 g6
9.Nc3 Bg7 10.g3 O-O 11.Qd3 d6 12.Kg2 a6 13.a4 Nbd7 14.h3 Qc7 15.Qc4 Qb7 16.Ra3 Rab8
17.Rb3 Ne8 18.Qh4 Ne5 19.Nxe5 Bxe5 20.Rd1 f5 21.e4 Ng7 22.Bg5 Rbe8 23.f3 fxe4
24.fxe4 Qf7 25.Bf4 Bxc3 26.Rxc3 Rxe4 27.Qg5 Nh5 28.Qg4 Rxa4 29.Re3 Nxf4+
30.gxf4 Rxf4 31.Qe6 Kg7 32.Qxf7+ R8xf7 33.Re6 Rd7 34.Kg3 Rf5 35.Rd2 Kf7 36.Re1 Re7
37.Ra1 Re3+ 38.Kg2 a5 39.Ra4 Ree5  0-1

[Event "RUS-Cup01 Chigorin mem"]
[Site "St Petersburg"]
[Date "1997.11.05"]
[Round "5"]
[White "Riazantsev, Alexander"]
[Black "Petrov, Anton"]
[Result "1-0"]
[WhiteElo "2275"]
[BlackElo "2350"]

1.d4 Nf6 2.c4 e6 3.Nf3 b6 4.a3 Bb7 5.Nc3 d5 6.Bg5 Be7 7.e3 O-O 8.cxd5 Nxd5
9.Bxe7 Qxe7 10.Nxd5 exd5 11.Bd3 c5 12.Rc1 Nd7 13.O-O c4 14.Bf5 Nf6 15.Ne5 g6
16.Bb1 Ne8 17.Qe2 f6 18.Nf3 Nd6 19.h4 Bc8 20.Nd2 f5 21.Nf3 Nf7 22.g3 b5 23.h5 a5
24.Nh4 Qf6 25.f4 Nd6 26.Nf3 Ne4 27.Bxe4 fxe4 28.Ne5 Ra7 29.g4 gxh5 30.g5 Qf5
31.Rf2 Rg7 32.Rh2 Qe6 33.Qxh5 Qe8 34.Qh4 Bf5 35.Kh1 Qe6 36.Rg1 b4 37.g6 Bxg6
38.Rxg6  1-0

[Event "RUS-Cup01 Chigorin mem"]
[Site "St Petersburg"]
[Date "1997.11.08"]
[Round "8"]
[White "Rychagov, Andrei"]
[Black "Shaposhnikov, Evgeny"]
[Result "1/2-1/2"]
[WhiteElo "2495"]
[BlackElo "2380"]

1.d4 Nf6 2.c4 e6 3.Nf3 b6 4.a3 Bb7 5.Nc3 d5 6.Qc2 a6 7.cxd5 exd5 8.g3 Bd6
9.Bg2 Nbd7 10.O-O O-O 11.Nh4 g6 12.Bg5 Be7 13.Rac1 Rc8 14.Nf3 Re8 15.Ne5 c5
16.Nxd7 Qxd7 17.Bxf6 Bxf6 18.Na4 Qb5 19.Nc3 Qc4 20.dxc5 Rxc5 21.e3 Rec8 22.Qd1 a5
23.Nxd5 Bxd5 24.Rxc4 Bxc4 25.b4 axb4 26.axb4 R5c7 27.Bh3 Rd8 28.Qf3 Kg7 29.Rd1 Rxd1+
30.Qxd1 Ra7 31.Kg2 Ra1 32.Qd7 Rb1 33.Bg4 Rxb4 34.h4 Bb5 35.Qd1 Ba4 36.Qe2 Bb5
37.Qd1 Ba4 38.Qe2 Bb5 39.Qf3 Rc4 40.Kh2 h5 41.Bh3 Rc2 42.Qf4 Bc4 43.Qe4 Rc1
44.Bd7 b5 45.Bc6 Rd1 46.Qc2 Ra1 47.Kg2 Bf1+ 48.Kf3 Bc4 49.Qd2 Rb1 50.Be4 Rb3
51.Qd7 Be6 52.Qb7 b4 53.Qb5 Rb2 54.Bd5 Bxd5+ 55.Qxd5 Bc3 56.Qc4 Kg8 57.Qc8+ Kg7
58.Qc5 Rc2 59.Qc4 Kg8 60.Qc8+ Kg7 61.Qc4 Kg8 62.Qc8+  1/2-1/2

[Event "Bayern-chI Bank Hofmann"]
[Site "Bad Wiessee"]
[Date "1997.11.21"]
[Round "7"]
[White "Taeger, Winfried"]
[Black "Meyer, Hartmut"]
[Result "1-0"]
[WhiteElo "2265"]
[BlackElo "2160"]

1.d4 Nf6 2.c4 e6 3.Nf3 b6 4.a3 Bb7 5.Nc3 d5 6.cxd5 exd5 7.Bf4 Be7 8.e3 O-O
9.Bd3 a6 10.Qc2 Nbd7 11.Rd1 Re8 12.O-O h6 13.h3 Bf8 14.Bf5 Ra7 15.g4 b5 16.g5 Nh5
17.gxh6 Nxf4 18.Bh7+ Kh8 19.hxg7+ Bxg7 20.exf4 Bh6 21.Ne5 Nxe5 22.fxe5 Bc8
23.f4 c6 24.Bf5 Bxf4 25.Rxf4 Qg5+ 26.Rg4 Qxf5 27.Qxf5 Bxf5 28.Rh4+ Kg7 29.Rf1 Bg6
30.Rf6 Re6 31.Rhf4 Ra8 32.Kf2 a5 33.Kg3 Rb8 34.h4 Bh5 35.Rxe6 fxe6 36.Rf6 Re8
37.Kf4 Bf7 38.Kg5 Rh8 39.Ne2 Rh5+ 40.Kg4 Rh6 41.Rf2 Bh5+ 42.Kg5 Bxe2 43.Rxe2 Rg6+
44.Kf4 Kh6 45.Rc2 Kh5 46.Rxc6 Kxh4 47.Rb6 Rg4+ 48.Ke3 Rg3+ 49.Kd2 Rg2+ 50.Kc3 Rg3+
51.Kc2 Rg2+ 52.Kb1 Rd2 53.Rxb5 Rxd4 54.Rxa5 Re4 55.Rc5 Kg5 56.b4 Kf5 57.b5 Ra4
58.Kb2 Kxe5 59.Kb3 Ra8 60.a4 Kd4 61.Rc7 e5 62.b6 e4 63.b7 Rb8 64.a5 e3 65.a6 e2
66.Re7 Kd3 67.Kb4 d4 68.Kc5 Rd8 69.Rxe2 Kxe2 70.a7 d3 71.b8=Q Rxb8 72.axb8=Q d2
73.Qe5+ Kd3 74.Qd4+ Ke2 75.Qe4+ Kd1 76.Kb4 Kc1 77.Qc4+ Kd1 78.Kc3 Ke1 79.Qe4+  1-0

[Event "Maroczy mem"]
[Site "Szeged"]
[Date "1997.11.21"]
[Round "8"]
[White "Wells, Peter K"]
[Black "Sax, Gyula"]
[Result "1-0"]
[WhiteElo "2530"]
[BlackElo "2570"]

1.d4 Nf6 2.c4 e6 3.Nf3 b6 4.a3 Bb7 5.Nc3 d5 6.Bg5 Be7 7.Qa4+ c6 8.Bxf6 Bxf6
9.cxd5 exd5 10.g3 O-O 11.Bg2 Re8 12.O-O Na6 13.Rfd1 Nc7 14.Rac1 Qe7 15.e3 Red8
16.b4 Ne6 17.Qb3 Rab8 18.Ne1 c5 19.Nxd5 Bxd5 20.Bxd5 cxd4 21.e4 g5 22.Rc6 Rd6
23.Rxd6 Qxd6 24.Rc1 Nd8 25.Qf3 a5 26.Nd3 axb4 27.axb4 Kg7 28.Qf5 Be7 29.Ne5 d3
30.Nxd3 f6 31.e5 fxe5 32.Be4 Qf6 33.Qxh7+ Kf8 34.Bd5 Bd6 35.Qd7 Qe7 36.Qf5+ Kg7
37.Re1 Qf6 38.Qd7+ Qe7 39.Qg4 Nf7 40.Bxf7 Kxf7 41.Qf5+ Qf6  1-0

[Event "Asker 75th"]
[Site "Asker"]
[Date "1997.11.30"]
[Round "9"]
[White "Johannessen, Leif Erlend"]
[Black "Ostenstad, Berge"]
[Result "0-1"]
[WhiteElo "2330"]
[BlackElo "2465"]

1.d4 Nf6 2.c4 e6 3.Nf3 b6 4.a3 Ba6 5.Qc2 Bb7 6.Nc3 c5 7.dxc5 bxc5 8.Bg5 Be7
9.e3 O-O 10.Be2 d6 11.O-O-O Nbd7 12.h3 Qb6 13.e4 Rab8 14.g4 Bc6 15.Bd3 Rb7
16.Rhe1 Rfb8 17.Rd2 Qa5 18.Re3 e5 19.Be2 a6 20.Nd5 Bxd5 21.exd5 e4 22.Nh4 g6
23.Qc3 Qd8 24.Bh6 Ne8 25.g5 Bxg5 26.Bxg5 Qxg5 27.Rxe4 Ne5 28.Qe3 Qd8 29.f4 Rb3
30.Qf2 Qf6 31.Bf1 Nd7 32.Nf3 Kg7 33.Qe2 Rxa3 34.Kb1 Nc7 35.Re7 Qf5+ 36.Rc2 Rab3
37.Ka2 Rxf3 38.Rxd7 Rxf4 39.Rxc7 Rxf1 40.Qd2 Rf3 41.Re7 Rf4 42.Qc3+ Qf6 43.Rd7 Rb6
44.Qa5 Rb4  0-1

[Event "Elgoibar"]
[Site "Elgoibar"]
[Date "1997.11.30"]
[Round "4"]
[White "Matamoros Franco, Carlos S"]
[Black "Franco Ocampo, Zenon"]
[Result "1/2-1/2"]
[WhiteElo "2470"]
[BlackElo "2480"]

1.d4 Nf6 2.c4 e6 3.Nf3 b6 4.a3 c5 5.d5 Ba6 6.Qc2 exd5 7.cxd5 g6 8.Nc3 Bg7
9.g3 O-O 10.Bg2 d6 11.O-O Re8 12.Re1 Nbd7 13.h3 b5 14.Bf4 Qb6 15.e4 Rac8
16.e5 dxe5 17.Nxe5 Nxe5 18.Bxe5 Bb7 19.d6 Bxg2 20.Kxg2 Qc6+ 21.f3 Nh5 22.Bxg7 Qxd6
23.Qf2 Nxg7 24.Nxb5  1/2-1/2

[Event "Karpov GM"]
[Site "Singapore"]
[Date "1997.12.18"]
[Round "6"]
[White "Marentek, Hanny"]
[Black "Hsu Li Yang"]
[Result "1-0"]
[WhiteElo "2405"]
[BlackElo "2390"]

1.d4 Nf6 2.c4 e6 3.Nf3 b6 4.a3 c5 5.d5 Ba6 6.b3 exd5 7.cxd5 g6 8.Bb2 Bg7
9.Ra2 O-O 10.e3 Qc8 11.Nc3 d6 12.Bxa6 Qxa6 13.Qe2 Re8 14.Nb5 Nxd5 15.Bxg7 Kxg7
16.O-O Re7 17.Rd1 Nf6 18.Rxd6 Nbd7 19.Rad2 Rc8 20.h3 Nf8 21.Rd1 Ne4 22.R6d5 Kg8
23.Qc4 Rce8 24.Rd8 Rxd8 25.Rxd8 Qa5 26.Qd3 Kg7 27.Nd6 Nf6 28.a4 Ne6 29.Rc8 Qb4
30.Kh2 Nc7 31.Ne5 Rxe5 32.Rxc7 Rd5 33.Qc4 Qxc4 34.Nxc4 Rd7 35.Rxd7 Nxd7 36.e4 Kf6
37.f4 Ke6 38.g4 a6 39.Kg3 b5 40.axb5 axb5 41.Na3 b4 42.Nc4 Nb8 43.f5+ Ke7
44.e5 Nc6 45.Kf4 Nd4 46.Nd2 gxf5 47.gxf5 Kd7 48.Ke4 Kc6 49.h4 Ne2 50.Nc4 Nd4
51.Nd2 Ne2 52.Nf3 h6 53.f6 Nc3+ 54.Kf5 Kd7 55.e6+ fxe6+ 56.Kg6  1-0

[Event "Rishon Le Ziyyon 9798"]
[Site "Rishon Le Ziyyon"]
[Date "1997.12.28"]
[Round "4"]
[White "Fleish, Felix"]
[Black "Krays, Alexander"]
[Result "1-0"]
[WhiteElo "2350"]
[BlackElo "2375"]

1.d4 Nf6 2.c4 e6 3.Nf3 b6 4.a3 Bb7 5.Nc3 g6 6.d5 exd5 7.cxd5 Bg7 8.g3 O-O
9.Bg2 c5 10.O-O d6 11.Bf4 a6 12.Nd2 Nh5 13.Be3 f5 14.f4 Nd7 15.Nf3 Re8 16.Bf2 Nf8
17.Nd2 Nf6 18.h3 b5 19.Re1 Qd7 20.Qc2 Re7 21.Rad1 Rae8 22.b4 cxb4 23.axb4 Rc8
24.Bd4 Ng4 25.Bxg7 Ne3 26.Qd3 Nxd1 27.Bd4  1-0

[Event "EUCup final"]
[Site "Kazan"]
[Date "1997.12.29"]
[Round "2"]
[White "Lputian, Smbat G"]
[Black "Razuvaev, Yuri S"]
[Result "0-1"]
[WhiteElo "2585"]
[BlackElo "2555"]

1.d4 Nf6 2.c4 e6 3.Nf3 b6 4.a3 c5 5.d5 Ba6 6.Qb3 exd5 7.cxd5 d6 8.Bf4 Nh5
9.Bd2 Nf6 10.Bf4 Nh5 11.Bd2 Nf6 12.g3 g6 13.Bf4 Bg7 14.Qe3+ Qe7 15.Qxe7+ Kxe7
16.Nc3 Nbd7 17.Bh3 h6 18.Bg2 Ng4 19.O-O Nge5 20.Rfe1 Nc4 21.Bc1 Rhe8 22.Nd2 Nde5
23.Nxc4 Nxc4 24.e4 Ne5 25.Rd1 Kf8 26.a4 Bc4 27.Ra3 g5 28.h3 a5 29.Bf1 Nf3+
30.Kg2 Bxf1+ 31.Rxf1 Nd4 32.f3 Reb8 33.f4 b5 34.axb5 Nxb5 35.Nxb5 Rxb5 36.fxg5 Bxb2
37.Bxb2 Rxb2+ 38.Kf3 hxg5 39.Rfa1 Rab8 40.Kg4 R8b4 41.Ra4 Re2 42.Kxg5 Rexe4
43.Rxa5 Kg7 44.g4 Re5+ 45.Kh4 Rxd5 46.Rf1 Rb7 47.Raa1 Rc7 48.Rad1 Rxd1 49.Rxd1 c4
50.Rxd6 c3 51.Rd1 c2 52.Rc1 Kf6 53.Kh5 Rc8 54.g5+ Kg7 55.Kg4 Kg6 56.h4 Rc4+
57.Kf3 Kh5 58.Kg3 Rc3+ 59.Kf4 Rc5 60.Kg3 Rc4  0-1